Sports Quiz

Random Sports or NHL Quiz
Score 0/20 Timer 08:00
0 Plays Today
Top 20 career game winning goals GWG % Correct
91Wayne Gretzky
88.9%
110Brett Hull
76.3%
94Steve Yzerman
74%
86Joe Sakic
72.9%
112Jaromir Jagr
69.1%
82Mike Bossy
60%
93Teemu Selanne
59.7%
92Mark Messier
59.7%
96Mats Sundin
55.4%
97Guy Lafleur
53.4%
Top 20 career game winning goals GWG % Correct
109Brendan Shanahan
52.9%
89Luke Robitaille
52%
90Mike Modano
51.7%
93Sergei Fedorov
44.3%
90Mike Gartner
42.3%
92Jeremy Roenick
41.1%
83Mark Recchi
40.9%
85Glenn Anderson
38.6%
93Joe Nieuwendyk
27.4%
86Pierre Turgeon
24.9%

You're not logged in!

Compare scores with friends on all Sporcle quizzes.
OR
Log In

Sporcle TV

Today on Sporcle TV


Watch our educational content, quiz creation guides, and fun videos on Sporcle TV.

Show Comments

Extras

Created Oct 9, 2009SourceReportNominate
Tags:NHL Quiz, Career, goal, gwg, Winning

Top Quizzes Today


Score Distribution

Paid Content

Your Account Isn't Verified!

In order to create a playlist on Sporcle, you need to verify the email address you used during registration. Go to your Sporcle Settings to finish the process.

Report this User

Report this user for behavior that violates our Community Guidelines.

Details: